Cieľ je deväť z desiatich

Od januára 2022 sa spúšťa systém zálohovania plastových fliaš a plechoviek. Bude to zmena nielen pre obchodníkov, ale aj domácnosti. Čo treba zdôrazniť zákazníkovi.

Salvato in:
Dettagli Bibliografici
Natura: Capitolo di libro
Lingua:slovacco
Soggetti:
Tags: Aggiungi Tag
Nessun Tag, puoi essere il primo ad aggiungerne!!

MARC

LEADER 00000naa a2200000 4500
001 0278109
005 20210903091136.0
041 0 |a slo 
044 |a SK 
245 1 0 |a Cieľ je deväť z desiatich 
520 |a Od januára 2022 sa spúšťa systém zálohovania plastových fliaš a plechoviek. Bude to zmena nielen pre obchodníkov, ale aj domácnosti. Čo treba zdôrazniť zákazníkovi. 
610 2 0 |a plasty 
610 2 0 |a obaly 
610 2 0 |a recyklácia odpadu 
610 2 0 |a zákony